| 000 | 01633nam0a22003851 4500 | ||
|---|---|---|---|
| 001 | RU\NLR\bibl\1148962 | ||
| 005 | 20260408190518.0 | ||
| 010 |
_a978-5-903354-85-6 _91000 |
||
| 021 |
_aRU _b2007-65973 _93530 |
||
| 035 | _a(NLR Aleph) 001135771 | ||
| 090 |
_a1386293 _c1386293 |
||
| 100 | _a20071102d2007 |||y0rusy50 ca | ||
| 101 | 0 | _arus | |
| 102 | _aRU | ||
| 105 | _ay ||||||||| | ||
| 200 | 1 |
_aГосударственные, политические и общественные деятели Российской империи в судьбах евреев, 1762-1917 _eсправочник персоналий _fАлександр Миндлин |
|
| 210 |
_aСанкт-Петербург _cАлетейя _cИсторическая книга _d2007 |
||
| 215 |
_a391 с. _d22 |
||
| 225 | 1 |
_aЛевиафан _eгосударство. Общество. Личность |
|
| 320 | _aБиблиогр.: с. 360-381 (710 назв.) | ||
| 320 | _aИмен. указ.: с. 382-388 | ||
| 606 | 1 |
_aЕврейский вопрос _yРоссия _91135905 _3RU\NLR\auth\66451616 |
|
| 606 |
_aГосударственные и политические деятели _yРоссия _z18 - 20 вв. _92072703 _3RU\NLR\auth\661247548 |
||
| 686 | _aТ3(2)5-8 | ||
| 686 | _aТ3(29=Е) | ||
| 700 | 1 |
_aМиндлин _bА. Б. _gАлександр Борисович _4070 |
|
| 801 | 0 |
_aRU _bNLR _c20071102 _gRCR |
|
| 801 | 1 |
_aRU _bNLR _c20071102 |
|
| 830 | _aавт. по базе | ||
| 852 |
_aNLR _bОЛСАА-сл-спр _j3-4609 |
||
| 942 | _cBOOK | ||
| 980 | _aNB | ||
| 980 | 1 | _aSL_SPR | |